Isla de Cuba. (Record no. 184597)

MARC details
000 -LEADER
campo de control de longitud fija 01246nam a2200253 i 4500
001 - NÚMERO DE CONTROL
campo de control 184597
003 - IDENTIFICADOR DE NÚMERO DE CONTROL
campo de control ES-MaACL
005 - FECHA Y HORA DE LA ÚLTIMA TRANSACCIÓN
campo de control 20250815025706.0
008 - DATOS DE LONGITUD FIJA--INFORMACIÓN GENERAL
campo de control de longitud fija 151027m18851891sp |||| | spa d
245 00 - MENCIÓN DEL TÍTULO
Título Isla de Cuba.
260 ## - PUBLICACIÓN, DISTRIBUCIÓN, ETC.
Lugar de publicación, distribución, etc. Madrid :
Nombre del editor, distribuidor, etc. [s.n.],
Fecha de publicación, distribución, etc. 1885-1891 (
Fabricante Est. Tip. "Sucesores de Rivadeneyra")
300 ## - DESCRIPCIÓN FÍSICA
Extensión 3 v. ;
Dimensiones 24 cm.
490 1# - MENCIÓN DE SERIE
Mención de serie Colección de documentos inéditos relativos al descubrimiento, conquista y organización de las antiguas posesiones de Ultramar. Segunda serie / publicada por la Real Academia de la Historia ;
Designación de volumen o secuencia 1, 4, 6
530 ## - NOTA DISPONIBLE DE FORMULARIO FÍSICO ADICIONAL
Nota de formato físico adicional disponible Disponible en formato digital.
651 #4 - PUNTO DE ACCESO ADICIONAL DE MATERIA--NOMBRE GEOGRÁFICO
Nombre geográfico Cuba-
Subdivisión general Historia-
Subdivisión cronológica 1492-1524, Descubrimiento y conquista.
9 (RLIN) 152021
651 #4 - PUNTO DE ACCESO ADICIONAL DE MATERIA--NOMBRE GEOGRÁFICO
Nombre geográfico Cuba-
Subdivisión general Historia-
Subdivisión cronológica 1524-1895, Época colonial.
9 (RLIN) 152022
710 2# - ENTRADA AGREGADA--NOMBRE DE ENTIDAD CORPORATIVA
Nombre de entidad corporativa o nombre de jurisdicción como elemento de entrada Real Academia de la Historia (España)
9 (RLIN) 6309
830 10 - PUNTO DE ACCESO ADICIONAL DE SERIE-TÍTULO UNIFORME
Título uniforme Colección de documentos inéditos relativos al descubrimiento, conquista y organización de las antiguas posesiones de Ultramar
Designación de volumen o secuencia 1, 4, 6
9 (RLIN) 241781
852 ## - LOCALIZACIÓN
Ubicación ES-MaACL
Número de control de estantería C-1962
Nota libre (V. 1)
852 ## - LOCALIZACIÓN
Ubicación ES-MaACL
Número de control de estantería C-1965
Nota libre (V. 4)
852 ## - LOCALIZACIÓN
Ubicación ES-MaACL
Número de control de estantería C-1967
Nota libre (V. 6)
856 ## - LOCALIZACIÓN Y ACCESO ELECTRÓNICOS
Identificador Uniforme de Recursos <a href="http://bdh-rd.bne.es/viewer.vm?id=0000022799&page=1 ">http://bdh-rd.bne.es/viewer.vm?id=0000022799&page=1 </a>
Nota pública Biblioteca Digital Hispánica
Holdings
Estatus retirado Estado de pérdida Estado de daño No para préstamo Colección Biblioteca de origen Biblioteca actual Ubicación en estantería Fecha de adquisición Fuente de adquisición Total de préstamos Signatura topográfica completa Código de barras Visto por última vez Precio de reemplazo Tipo de ítem Koha
        Colección digital Biblioteca del Ateneo de Madrid Biblioteca del Ateneo de Madrid Sala Palomar 27/10/2015     C-1967 1194350 23/02/2023 23/02/2023 Libro impreso antiguo
        Colección digital Biblioteca del Ateneo de Madrid Biblioteca del Ateneo de Madrid Sala Palomar 27/10/2015     C-1962 1194348 23/02/2023 23/02/2023 Libro impreso antiguo
        Colección digital Biblioteca del Ateneo de Madrid Biblioteca del Ateneo de Madrid Sala Palomar 27/10/2015     C-1965 1194349 23/02/2023 23/02/2023 Libro impreso antiguo